3-Letter In Betweens #1 - Statistics

General Stats
  • This quiz has been taken 15 times
  • The average score is 8 of 15
Answer Stats
Segment 1 Answer Segment 2 % Correct
massa CRE ativity
85%
challen GES tures
85%
re BEL ched
77%
crum BLE ssing
77%
read ING enious
69%
warf ARE na
62%
cac TUS ks
62%
tou CAN dle
54%
brea THE ft
54%
dim MED ical
46%
opa QUE ens
46%
decre PIT ched
31%
rest ART ists
15%
ag GRO wling
15%
sc REW ind
8%
No matching quizzes found
Score Distribution
Percent of People with Each Score
Percentile by Number Answered
Your Score History
You have not taken this quiz